01596 a2200241 4500001000700000020001800007040003200025100002100057245001800078250001400096260001900110300003400129362000900163490002300172520099700195650001201192650002701204650002401231650002701255650003201282650002301314650001701337123668 a9781406307627 cEscola Canadense de Niteroi aClare, Cassandra10aCity of bones a1st. ed.  aUnited Kingdom a526 p.c5 x 1.6 x 8.25 inches0 a20070 aThe shadow hunters aWhen fifteen-year-old Clary Fray heads out to the Pandemonium Club in New York City, she hardly expects to witness a murder -- much less a murder committed by three teenagers covered with strange tattoos and brandishing bizarre weapons. Then the body disappears into thin air. It's hard to call the police when the murderers are invisible to everyone else and when there is nothing -- not even a smear of blood -- to show that a boy has died. Or was he a boy? This is Clary's first meeting with the Shadowhunters, warriors dedicated to ridding the earth of demons. It's also her first encounter with Jace, a Shadowhunter who looks a little like an angel and acts a lot like a jerk. Within twenty-four hours Clary is pulled into Jace's world with a vengeance when her mother disappears and Clary herself is attacked by a demon. But why would demons be interested in ordinary mundanes like Clary and her mother? And how did Clary suddenly get the Sight? The Shadowhunters would like to know...  4aFantasy 4aYoung Adult Literature 4aAction or Adventure 4aMythological Creatures 4aMystery, Thriller or Terror 4aParanormal Fiction 4aSupernatural